Listen for it : A task based listening course

保存先:
書誌詳細
第一著者: Richards, Jack C
フォーマット: 図書
言語:Undetermined
出版事項: Oxford University Press 1995
主題:
タグ: タグ追加
タグなし, このレコードへの初めてのタグを付けませんか!
Thư viện lưu trữ: Trung tâm Học liệu Trường Đại học Cần Thơ
LEADER 00583nam a2200193Ia 4500
001 CTU_118425
008 210402s9999 xx 000 0 und d
082 |a 428.34 
082 |b R514/Cas.3 
100 |a Richards, Jack C 
245 0 |a Listen for it : 
245 2 |b A task based listening course 
245 0 |c Jack C Richards, Deborah Gordon, Andrew Harper 
260 |b Oxford University Press 
260 |c 1995 
650 |a English language,Listening 
650 |x Textbooks for foreign speakers 
904 |i M.Loan 
980 |a Trung tâm Học liệu Trường Đại học Cần Thơ